| 000 | 00593nam a22001697a 4500 | ||
|---|---|---|---|
| 005 | 20231103090007.0 | ||
| 008 | 231103b |||||||| |||| 00| 0 eng d | ||
| 020 | _a0409018767 | ||
| 041 | _aEnglish | ||
| 082 | _a346.6 CIL | ||
| 100 |
_aCilliers, HS et al. _lEnglish |
||
| 245 |
_aCilliers and Benade 1986 Supplement Company Law 1985 Noter-up : _bincluding commentary on the Close Corporations Act 1984 / _cHS Cilliers et al. |
||
| 260 |
_aDurban : _bButterworths, _c1986 |
||
| 300 |
_b11 pages ; _c24 cm. |
||
| 650 |
_aLegal practice _bLaw |
||
| 942 |
_cBK _6ALISON_BN_VRIES |
||
| 999 |
_c282 _d282 |
||